Search the Library Catalogue
| 000 -LEADER | |
|---|---|
| fixed length control field | 00726nam a2200217Ia 4500 |
| 008 - FIXED-LENGTH DATA ELEMENTS--GENERAL INFORMATION | |
| fixed length control field | 191130s2002##################000#0#eng## |
| 020 ## - INTERNATIONAL STANDARD BOOK NUMBER | |
| ISBN | 9780262740241 |
| 082 ## - DEWEY DECIMAL CLASSIFICATION NUMBER | |
| Classification number | 363.70526 YOU |
| 100 ## - MAIN ENTRY--AUTHOR NAME | |
| Personal name | Young, Oran R |
| 245 ## - TITLE STATEMENT | |
| Title | The institutional dimensions of environmental change : fit, interplay, and scale |
| Statement of responsibility, etc | Oran R. Young |
| 260 ## - PUBLICATION, DISTRIBUTION, ETC. (IMPRINT) | |
| Place of publication | Cambridge, MA |
| Name of publisher | MIT Press |
| Year of publication | c2002 |
| 300 ## - PHYSICAL DESCRIPTION | |
| Number of Pages | xv, 221 p. ; 23 cm |
| 500 ## - GENERAL NOTE | |
| General note | Includes bibliographical references (p. [197]-210) and index |
| 650 ## - SUBJECT ADDED ENTRY--TOPICAL TERM | |
| Topical Term | Environmental policy - International cooperation |
| Topical Term | Global environmental change |
| 991 ## - | |
| -- | 347266 |
| Withdrawn status | Lost status | Damaged status | Not for loan | Home library | Current library | Date acquired | Full call number | Accession Number | Price effective from | Koha item type |
|---|---|---|---|---|---|---|---|---|---|---|
| Anna Centenary Library | Anna Centenary Library | 09.10.2020 | 363.70526 YOU | 464796 | 09.10.2020 | English Books |